Statistiken für Länder der Welt mit einem "und" im Namen

Klicken Sie hier um das Quiz zu spielen!

Allgemein

  • Dieses Quiz wurde 687 mal gespielt
    (660 seit der letzten Aktualisierung)
  • Das Durchschnittsergebnis liegt bei 5 aus 8

Antwortstatistiken

% Korrekt
TrinidadundTobago
83%
St. KittsundNevis
79%
St. Vincentunddie Grenadinen
77%
AntiguaundBarbuda
76%
BosnienundHerzegowina
68%
São ToméundPríncipe
64%
Burundi
37%
Vereinigtes Königreich GroßbritannienundNordirland
14%

Verteilung der Resultate

Perzentil nach korrekt beantworteten Fragen

Anzahl Personen mit jedem Resultat

Ihre Resultats-Entwicklung

Sie haben dieses Quiz seit der letzten Aktualisierung nicht gespielt